Careers in public administration. (Record no. 84204)
[ view plain ]
| 000 -LEADER | |
|---|---|
| fixed length control field | 02495cam a2200373 i 4500 |
| 001 - CONTROL NUMBER | |
| control field | GVRL65PO |
| 003 - CONTROL NUMBER IDENTIFIER | |
| control field | MiFhGG |
| 005 - DATE AND TIME OF LATEST TRANSACTION | |
| control field | 20250819155649.0 |
| 006 - FIXED-LENGTH DATA ELEMENTS--ADDITIONAL MATERIAL CHARACTERISTICS | |
| fixed length control field | m o d |
| 007 - PHYSICAL DESCRIPTION FIXED FIELD--GENERAL INFORMATION | |
| fixed length control field | cr un ---uuuua |
| 008 - FIXED-LENGTH DATA ELEMENTS--GENERAL INFORMATION | |
| fixed length control field | 210623t20202020maua ob 001 0 eng d |
| 020 ## - INTERNATIONAL STANDARD BOOK NUMBER | |
| International Standard Book Number | 9781642656855 |
| Qualifying information | (electronic book) |
| 020 ## - INTERNATIONAL STANDARD BOOK NUMBER | |
| Canceled/invalid ISBN | 9781642656848 |
| 035 ## - SYSTEM CONTROL NUMBER | |
| System control number | (OCoLC)1195968761 |
| 040 ## - CATALOGING SOURCE | |
| Original cataloging agency | MiFhGG |
| Language of cataloging | eng |
| Transcribing agency | MiFhGG |
| Description conventions | rda |
| -- | pn |
| 050 #4 - LIBRARY OF CONGRESS CALL NUMBER | |
| Classification number | JF1351 |
| Item number | .C37 2020 |
| 245 00 - TITLE STATEMENT | |
| Title | Careers in public administration. |
| 264 #1 - PRODUCTION, PUBLICATION, DISTRIBUTION, MANUFACTURE, AND COPYRIGHT NOTICE | |
| Place of production, publication, distribution, manufacture | Ipswich, Massachusetts : |
| Name of producer, publisher, distributor, manufacturer | Salem Press/Grey House Publishing, |
| Date of production, publication, distribution, manufacture, or copyright notice | [2020] |
| 264 #4 - PRODUCTION, PUBLICATION, DISTRIBUTION, MANUFACTURE, AND COPYRIGHT NOTICE | |
| Date of production, publication, distribution, manufacture, or copyright notice | ©2020 |
| 300 ## - PHYSICAL DESCRIPTION | |
| Extent | 1 online resource (x, 315 pages) : |
| Other physical details | illustrations (some color) |
| 336 ## - CONTENT TYPE | |
| Content type term | text |
| Content type code | txt |
| Source | rdacontent |
| 337 ## - MEDIA TYPE | |
| Media type term | computer |
| Media type code | c |
| Source | rdamedia |
| 338 ## - CARRIER TYPE | |
| Carrier type term | online resource |
| Carrier type code | cr |
| Source | rdacarrier |
| 490 0# - SERIES STATEMENT | |
| Series statement | Gale eBooks |
| 504 ## - BIBLIOGRAPHY, ETC. NOTE | |
| Bibliography, etc. note | Includes bibliographical references and index. |
| 505 0# - FORMATTED CONTENTS NOTE | |
| Formatted contents note | Administrative services manager -- Budget analyst -- City manager -- Civil engineer -- Cost estimator -- Disaster relief worker -- Education administrator -- Environmental engineer -- Farm and home management advisor -- Financial analyst -- Fish and game warden -- Hazardous waste manager -- Human resources specialist/manager -- Information security analyst -- Management analyst & consultant -- Meteorologist -- Operations research analyst -- Park ranger -- Police and detectives -- Political scientist -- Postmaster & mail superintendent -- Public administrator -- Public relations and fundraising manager -- Recreation program director -- Social and community services manager -- Statistician -- Tax examiner and collector -- Top executive -- Transportation manager -- Urban and regional planner. |
| 520 ## - SUMMARY, ETC. | |
| Summary, etc. | This book discusses career paths in public administration, such as Budgeting and Financial Services, Legislation, Regulatory Agencies, City & County Management, Parks & Recreation Management, Rural Development, Environmental Sciences, Public Affairs & Communications, and Urban & Regional Planners. Includes "A Day in the Life of ...", "Conversation With-", charts and tables, appendixes for further information, and a subject index. |
| 650 #0 - SUBJECT ADDED ENTRY--TOPICAL TERM | |
| Topical term or geographic name entry element | Public administration |
| General subdivision | Vocational guidance |
| Geographic subdivision | United States. |
| 650 #0 - SUBJECT ADDED ENTRY--TOPICAL TERM | |
| Topical term or geographic name entry element | Public officers |
| General subdivision | Vocational guidance |
| Geographic subdivision | United States. |
| 710 2# - ADDED ENTRY--CORPORATE NAME | |
| Corporate name or jurisdiction name as entry element | Gale (Firm) |
| 856 40 - ELECTRONIC LOCATION AND ACCESS | |
| Uniform Resource Identifier | <a href="https://link.gale.com/apps/pub/65PO/GVRL?sid=gale_marc&u=phurs">https://link.gale.com/apps/pub/65PO/GVRL?sid=gale_marc&u=phurs</a> |
| Public note | Available via Gale eBooks. Click here to access |
| 912 ## - | |
| -- | 65PO |
| 942 ## - ADDED ENTRY ELEMENTS (KOHA) | |
| Source of classification or shelving scheme | Library of Congress Classification |
| Koha item type | E-Book |
| Withdrawn status | Source of classification or shelving scheme | Damaged status | Not for loan | Home library | Current library | Date acquired | Total Checkouts | Date last seen | Price effective from | Koha item type |
|---|---|---|---|---|---|---|---|---|---|---|
| Library of Congress Classification | E-Books Gale | E-Books Gale | 02/20/2025 | 02/20/2025 | 02/20/2025 | E-Book |